Quick Pick: WWE Raw Countries Quiz Stats

 Plays Quiz Updated Aug 20, 2018

Score 0/10 Timer 01:30
0 Plays Today
% Correct
United States
89.9%
United Kingdom
88.7%
Canada
83.8%
Mexico
74.3%
Germany
72%
Japan
63.9%
Italy
57.4%
South Africa
50.7%
Afghanistan
43.8%
Iraq
40.5%

Today's Daily Dose

You're not logged in!

Compare scores with friends on all Sporcle quizzes.
OR
Log In

Sporcle TV

Today on Sporcle TV


Watch our educational content, quiz creation guides, and fun videos on Sporcle TV.

Show Comments

Extras

Top Quizzes Today


Score Distribution

Your Account Isn't Verified!

In order to create a playlist on Sporcle, you need to verify the email address you used during registration. Go to your Sporcle Settings to finish the process.

Report this User

Report this user for behavior that violates our Community Guidelines.

Details: